[Event "Rilton Cup 2010-11"]
[Site "Stockholm SWE"]
[Date "2010.12.27"]
[Round "1"]
[White "Thiborg, Jesper"]
[Black "Luukkonen, Tommi"]
[Result "0-1"]
[BlackTitle "FM"]
[WhiteElo "2020"]
[BlackElo "2309"]
[WhiteFideId "1711954"]
[BlackFideId "501808"]
[EventDate "2010.12.27"]

1. d4 Nf6 2. c4 g6 3. Nf3 Bg7 4. g3 O-O 5. Bg2 d5 6. Nc3 dxc4 7. Qa4 a6 8. Qxc4
b5 9. Qb3 Bb7 10. a4 Nc6 11. d5 Na5 12. Qb4 c5 13. dxc6 Nxc6 14. Qh4 b4 15. Nd1
Nd4 16. Ne3 Nb3 17. Qxb4 Nxa1 18. Qxb7 Qa5+ 19. Bd2 Qxa4 20. O-O Rab8 21. Qxe7
Rfe8 22. Qa7 Ne4 23. Bc3 Nxc3 24. bxc3 Ra8 25. Qb7 Rab8 26. Qa7 h6 27. Nd4 Nb3
28. Bc6 Bxd4 29. Qc7 Qa5 30. Qf4 Bxe3 31. fxe3 Rf8 32. Qxh6 Qh5 33. Qf4 Nd2 34.
Rf2 Qh3 0-1

[Event "Rilton Cup 2010-11"]
[Site "Stockholm SWE"]
[Date "2010.12.27"]
[Round "1"]
[White "Arman, Deniz"]
[Black "Olander, Aleksi"]
[Result "1-0"]
[WhiteElo "2297"]
[BlackElo "1990"]
[WhiteFideId "6302106"]
[BlackFideId "504963"]
[EventDate "2010.12.27"]

1. e4 c5 2. Nf3 e6 3. d4 cxd4 4. Nxd4 Nc6 5. Nb5 d6 6. c4 a6 7. N5c3 Nf6 8. Be2
Be7 9. Be3 b6 10. O-O Bb7 11. Nd2 Rc8 12. Rc1 O-O 13. Nb3 Nd7 14. f4 Nc5 15. Bf3
Nxb3 16. axb3 Bf6 17. Rf2 Bxc3 18. Rxc3 Nb4 19. Rd2 Rc6 20. Bd4 Qb8 21. f5 e5
22. Be3 f6 23. g4 g5 24. h4 h6 25. Rh2 Kg7 26. Qd2 Rh8 27. Kg2 Na2 28. Rd3 a5
29. hxg5 hxg5 30. Rxh8 Kxh8 31. Bxg5 fxg5 32. Qxg5 Qg8 33. Qf6+ Qg7 34. Qd8+ Qg8
35. Qf6+ Qg7 36. Qd8+ Qg8 37. Rxd6 Rxd6 38. Qxd6 Nb4 39. Qxe5+ Qg7 40. f6 Qf7
41. Qd6 Qe8 42. e5 Bxf3+ 43. Kxf3 Qc6+ 44. Qxc6 Nxc6 45. Ke4 Kh7 46. Kd5 Nb8 47.
e6 Kg6 1-0

[Event "Rilton Cup 2010-11"]
[Site "Stockholm SWE"]
[Date "2010.12.28"]
[Round "2"]
[White "Sokolov, Ivan"]
[Black "Bellon Lopez, Juan Manuel"]
[Result "1-0"]
[WhiteTitle "GM"]
[BlackTitle "GM"]
[WhiteElo "2642"]
[BlackElo "2394"]
[WhiteFideId "14400030"]
[BlackFideId "2200031"]
[EventDate "2010.12.27"]

1. Nf3 d5 2. b3 Bg4 3. Bb2 Bxf3 4. gxf3 Nf6 5. e3 Nbd7 6. f4 c6 7. h4 g6 8. h5
gxh5 9. f5 Rg8 10. d3 Qa5+ 11. Nd2 O-O-O 12. a3 e5 13. b4 Qc7 14. c4 d4 15. e4
c5 16. Be2 cxb4 17. axb4 Bxb4 18. Rxa7 Nc5 19. Kf1 Qb6 20. Ra8+ Kc7 21. Rxd8
Rxd8 22. Nf3 Bc3 23. Bc1 Ra8 24. Nxe5 Ra1 25. Kg2 Nfd7 26. Nxf7 Qf6 27. Bxh5
Qg7+ 28. Kh2 Nf6 29. Rg1 Qf8 30. Bf4+ Kb6 31. Qf3 Rxg1 32. Kxg1 Nxd3 33. Qxd3
Nxh5 34. Qb1+ Qb4 35. Qxb4+ Bxb4 36. Bg5 Kc5 37. Ne5 Kb6 38. Nd3 Bf8 39. f6 h6
40. Bh4 Kc6 41. f4 b5 42. cxb5+ Kxb5 43. Kf2 Kc4 44. Ke2 Bd6 45. f7 Bf8 46. f5
Kc3 47. e5 Ng7 48. Be1+ 1-0

[Event "Rilton Cup 2010-11"]
[Site "Stockholm SWE"]
[Date "2010.12.28"]
[Round "2"]
[White "Lindberg, Bosse"]
[Black "Macieja, Bartlomiej"]
[Result "0-1"]
[BlackTitle "GM"]
[WhiteElo "2404"]
[BlackElo "2636"]
[WhiteFideId "1705997"]
[BlackFideId "1104306"]
[EventDate "2010.12.27"]

1. d4 e6 2. c4 b6 3. a3 Nf6 4. Nc3 d5 5. cxd5 exd5 6. Bg5 Be7 7. e3 h6 8. Bxf6
Bxf6 9. Qa4+ Bd7 10. Qc2 Be6 11. g3 c5 12. dxc5 bxc5 13. Bg2 Nd7 14. Nge2 d4 15.
Ne4 dxe3 16. Nxf6+ Qxf6 17. Bxa8 Qxf2+ 18. Kd1 O-O 19. Kc1 Bf5 20. Be4 Bxe4 21.
Qxe4 Qxe2 22. Kb1 c4 23. Qc2 Qf3 24. Ka2 Ne5 25. Qc3 Nd3 26. Qxc4 e2 27. Qb5 Qe3
28. Qb3 Rc8 29. a4 Qd2 30. Qb7 Nb4+ 31. Kb3 Re8 32. Qxb4 Re3+ 33. Qc3 Rxc3+ 34.
bxc3 0-1

[Event "Rilton Cup 2010-11"]
[Site "Stockholm SWE"]
[Date "2010.12.28"]
[Round "2"]
[White "Leer-Salvesen, Bjarte"]
[Black "Volkov, Sergey"]
[Result "0-1"]
[WhiteTitle "IM"]
[BlackTitle "GM"]
[WhiteElo "2360"]
[BlackElo "2594"]
[WhiteFideId "1501496"]
[BlackFideId "4122763"]
[EventDate "2010.12.27"]

1. c4 e5 2. g3 Nf6 3. Bg2 c6 4. d4 exd4 5. Qxd4 Na6 6. Nf3 Bc5 7. Qe5+ Be7 8.
O-O O-O 9. Nc3 Re8 10. Rd1 d6 11. Qd4 Nc7 12. e4 Bg4 13. h3 Bh5 14. g4 Bg6 15.
Nh4 Nxe4 16. Nxe4 Bxh4 17. Nxd6 Re2 18. Be3 Ne6 19. Nxb7 Qxd4 20. Rxd4 Nxd4 21.
Bxd4 Bf6 22. Bxf6 gxf6 23. b4 Be4 24. Nd6 Bxg2 25. Kxg2 Rb2 26. a3 Kf8 27. c5
Rd8 28. Kg3 Rb3+ 29. f3 Rd7 30. Kf4 Rd3 31. h4 Re7 32. Ne4 Re6 33. h5 a6 34. Nf2
Rb3 35. Ne4 Ke7 36. Ra2 Re5 37. Rd2 Rxa3 38. Nd6 Rb3 39. Nf5+ Ke8 40. Rd4 Rd5
41. Re4+ Re5 42. Rd4 Kf8 43. Rc4 Ra3 44. Nd4 Ree3 45. Kf5 Rec3 46. Rxc3 Rxc3 47.
f4 a5 48. bxa5 Rxc5+ 49. Kxf6 Rxa5 50. Nf3 Rd5 51. Ng5 c5 52. Nxf7 c4 53. g5 Rd7
54. Ne5 Rd6+ 55. Kf5 c3 56. g6 hxg6+ 57. Nxg6+ Rxg6 0-1

[Event "Rilton Cup 2010-11"]
[Site "Stockholm SWE"]
[Date "2010.12.28"]
[Round "2"]
[White "Gleizerov, Evgeny"]
[Black "Furhoff, Johan"]
[Result "1-0"]
[WhiteTitle "GM"]
[BlackTitle "IM"]
[WhiteElo "2572"]
[BlackElo "2365"]
[WhiteFideId "4101332"]
[BlackFideId "1701797"]
[EventDate "2010.12.27"]

1. d4 d5 2. Nf3 Nc6 3. g3 Bg4 4. Bg2 e6 5. O-O Bd6 6. c4 Nf6 7. cxd5 Nxd5 8.
Nbd2 O-O 9. Nc4 Qf6 10. Ne3 Bxf3 11. Bxf3 Nde7 12. d5 exd5 13. Nxd5 Nxd5 14.
Bxd5 Be5 15. e3 Rfd8 16. Qf3 Qxf3 17. Bxf3 Nb4 18. Bxb7 Rab8 19. Be4 g6 20. a3
Nd3 21. Rb1 f5 22. Bf3 a5 23. Bd2 Nxb2 24. Bxa5 Rb5 25. Bb4 c5 26. Be2 Nd3 27.
Rfd1 cxb4 28. Bxd3 Rbb8 29. axb4 Kg7 30. b5 Rb6 31. Bc4 Rxd1+ 32. Rxd1 Bd6 33.
Ra1 Kf6 34. Ra7 h5 35. f4 g5 36. Rf7+ Kg6 37. fxg5 Kxg5 38. Bd3 h4 39. Rxf5+ Kg4
40. e4 hxg3 41. Be2+ Kh4 42. Rh5# 1-0

[Event "Rilton Cup 2010-11"]
[Site "Stockholm SWE"]
[Date "2010.12.28"]
[Round "2"]
[White "Straeter, Timo"]
[Black "Ulibin, Mikhail"]
[Result "1-0"]
[WhiteTitle "FM"]
[BlackTitle "GM"]
[WhiteElo "2325"]
[BlackElo "2552"]
[WhiteFideId "4621964"]
[BlackFideId "4101405"]
[EventDate "2010.12.27"]

1. Nf3 d5 2. d4 c6 3. Bf4 Nf6 4. e3 Bf5 5. Be2 e6 6. O-O Bd6 7. Ne5 h6 8. Nd2
O-O 9. c4 Bc7 10. Qb3 Qc8 11. Rac1 Rd8 12. Bg3 Ba5 13. Ndf3 Ne4 14. Qa3 Bc7 15.
b4 Nxg3 16. hxg3 Nd7 17. cxd5 cxd5 18. Bd3 Bxd3 19. Qxd3 Qb8 20. Nxd7 Rxd7 21.
Rc2 Bd6 22. Rfc1 a6 23. a3 g6 24. g4 Kg7 25. g3 Rc7 26. Kg2 Rxc2 27. Rxc2 a5 28.
Qb5 axb4 29. axb4 Ra6 30. Qd7 Rc6 31. Rxc6 bxc6 32. Qxc6 Qxb4 33. Qd7 Qb8 34.
Qc6 Qc7 35. Qe8 Qb8 36. Qc6 Qc7 37. Qe8 Qc2 38. Qd7 Bc7 39. g5 h5 40. Qe7 Qc4 1-0

[Event "Rilton Cup 2010-11"]
[Site "Stockholm SWE"]
[Date "2010.12.28"]
[Round "2"]
[White "Jacobsen, Bo"]
[Black "Ivanov, Sergey"]
[Result "1-0"]
[BlackTitle "GM"]
[WhiteElo "2317"]
[BlackElo "2536"]
[WhiteFideId "1400738"]
[BlackFideId "4101375"]
[EventDate "2010.12.27"]

1. c4 Nf6 2. g3 e5 3. Bg2 c6 4. d4 exd4 5. Qxd4 Na6 6. Nf3 Bc5 7. Qe5+ Be7 8.
Nc3 O-O 9. O-O Re8 10. Rd1 d6 11. Qd4 Nc7 12. b3 d5 13. Bb2 c5 14. Qd3 d4 15.
Na4 Bd7 16. e3 b5 17. cxb5 Bxb5 18. Qd2 Ncd5 19. exd4 Bxa4 20. bxa4 c4 21. Ne5
Rc8 22. Bc3 Qd6 23. Rac1 Qa3 24. a5 Qa4 25. Qc2 Qa3 26. Bf1 Bb4 27. Bxb4 Nxb4
28. Qc3 Qxc3 29. Rxc3 Nfd5 30. Rxc4 f6 31. Rxc8 Rxc8 32. a3 Nc3 33. Rd2 Nbd5 34.
Nc4 Re8 35. Rb2 Re1 36. Rb8+ Kf7 37. Rb7+ Kg6 38. Rxa7 h5 39. h4 Rd1 40. Rd7
Rxd4 41. Nb6 Rd1 42. Nxd5 Rxd5 43. Rxd5 Nxd5 44. a6 1-0

[Event "Rilton Cup 2010-11"]
[Site "Stockholm SWE"]
[Date "2010.12.28"]
[Round "2"]
[White "Hillarp Persson, Tiger"]
[Black "Groetz, Harald"]
[Result "1-0"]
[WhiteTitle "GM"]
[BlackTitle "IM"]
[WhiteElo "2528"]
[BlackElo "2314"]
[WhiteFideId "1700812"]
[BlackFideId "1605607"]
[EventDate "2010.12.27"]

1. c4 c5 2. g3 e6 3. Bg2 Nf6 4. Nf3 Be7 5. d4 cxd4 6. Nxd4 a6 7. O-O O-O 8. Nc3
Qc7 9. Bf4 d6 10. Nb3 Nbd7 11. Rc1 Rb8 12. c5 e5 13. cxd6 Qxd6 14. Qxd6 Bxd6 15.
Be3 Ng4 16. Bd2 f5 17. Rfd1 e4 18. f3 exf3 19. exf3 Ngf6 20. Be3 Be7 21. Nd4 Nc5
22. Bf1 Bd7 23. b4 Na4 24. Nxa4 Bxa4 25. Nxf5 Bxb4 26. Rd4 a5 27. a3 Bxa3 28.
Rxa4 Bxc1 29. Bxc1 b6 30. Bb2 Rbd8 31. Bd4 Nd5 32. g4 Rf7 33. Ra1 Kf8 34. Rd1
Rdd7 35. Bb5 Nc3 36. Bxg7+ Rxg7 37. Rxd7 Rxd7 38. Bxd7 b5 39. Nd4 b4 40. Kf2 a4
41. Ke3 b3 42. Bxa4 Nxa4 43. Nxb3 Kf7 44. Kd4 Kf6 45. f4 h5 46. Nc5 Nb6 47. Ne4+
Ke7 48. g5 Ke6 49. Ng3 h4 50. f5+ 1-0

[Event "Rilton Cup 2010-11"]
[Site "Stockholm SWE"]
[Date "2010.12.28"]
[Round "2"]
[White "Shimanov, Aleksandr"]
[Black "Arman, Deniz"]
[Result "1-0"]
[WhiteTitle "GM"]
[WhiteElo "2516"]
[BlackElo "2297"]
[WhiteFideId "4198603"]
[BlackFideId "6302106"]
[EventDate "2010.12.27"]

1. Nf3 Nf6 2. c4 g6 3. Nc3 d5 4. cxd5 Nxd5 5. Qa4+ Bd7 6. Qh4 Nxc3 7. bxc3 Bg7
8. Rb1 Nc6 9. Rxb7 Rb8 10. Rxb8 Qxb8 11. Qe4 O-O 12. Qc2 Qb7 13. e3 Ne5 14. Nxe5
Bxe5 15. f3 c5 16. Bc4 Qc7 17. f4 Bd6 18. O-O e5 19. fxe5 Bxe5 20. h3 Bc6 21. d3
Kg7 22. e4 f5 23. exf5 gxf5 24. Qf2 Bg3 25. Qe3 Rf6 26. Bb2 Bh2+ 27. Kh1 f4 28.
Qe2 Rg6 29. Bd5 Bg3 30. c4+ Kh6 31. Be5 Qd7 32. Bxf4+ Bxf4 33. Rxf4 Bxd5 34.
cxd5 Qd6 35. Re4 Qg3 36. Re7 a5 37. Re6 a4 38. d6 Qg5 39. d7 Rxe6 40. Qxe6+ 1-0

[Event "Rilton Cup 2010-11"]
[Site "Stockholm SWE"]
[Date "2010.12.28"]
[Round "2"]
[White "Azizi, Haroon"]
[Black "Smith, Axel"]
[Result "0-1"]
[BlackTitle "IM"]
[WhiteElo "2140"]
[BlackElo "2448"]
[WhiteFideId "1705687"]
[BlackFideId "1707930"]
[EventDate "2010.12.27"]

1. Nf3 Nf6 2. g3 d5 3. Bg2 g6 4. O-O Bg7 5. d3 O-O 6. Nbd2 c5 7. e4 Nc6 8. Re1
b6 9. a3 Re8 10. h3 e5 11. b3 Rb8 12. Bb2 d4 13. a4 a6 14. Nh2 b5 15. axb5 axb5
16. Qe2 Be6 17. Nhf3 Bh6 18. Reb1 Qd7 19. Kh2 Rec8 20. Bf1 Ne8 21. Bc1 Nd6 22.
Ne1 Kg7 23. Ndf3 Bxc1 24. Rxc1 f6 25. Nd2 Ra8 26. Qd1 Qb7 27. Rxa8 Rxa8 28. Ra1
Ra6 29. Qc1 Qa7 30. Rxa6 Qxa6 31. Be2 Nb4 32. f4 exf4 33. gxf4 Nf7 34. Bg4 Bxg4
35. hxg4 Qd6 36. Ndf3 g5 37. Kg3 Kf8 38. Qd2 Ke8 39. Ng2 gxf4+ 40. Nxf4 Ng5 41.
Nh4 Ne6 42. Ng2 c4 43. bxc4 bxc4 44. dxc4 Ng5 45. Qe2 Qe5 46. c5 Qxc5 47. Kh2
Kf7 48. Kh1 Qxc2 49. Qb5 Qd1+ 50. Kh2 Qxg4 51. Qc4+ Ne6 52. Nxe6 Qxe6 53. Qxb4
Qe5+ 54. Kg1 Qxe4 55. Qc4+ Ke7 56. Qc5+ Ke6 57. Qc4+ 0-1

[Event "Rilton Cup 2010-11"]
[Site "Stockholm SWE"]
[Date "2010.12.28"]
[Round "2"]
[White "Urkedal, Frode"]
[Black "Ostling, Hakan"]
[Result "1-0"]
[WhiteTitle "FM"]
[WhiteElo "2438"]
[BlackElo "2207"]
[WhiteFideId "1506102"]
[BlackFideId "1708635"]
[EventDate "2010.12.27"]

1. d4 g6 2. Nf3 Bg7 3. e4 d6 4. Bc4 Nf6 5. Qe2 O-O 6. e5 dxe5 7. dxe5 Nd5 8. O-O
c6 9. Rd1 Bg4 10. Nbd2 Nd7 11. h3 Be6 12. Nb3 Qc7 13. Nbd4 Nxe5 14. Nxe5 Qxe5
15. Qxe5 Bxe5 16. Nxe6 fxe6 17. c3 Bd6 18. Bh6 Rf5 19. Bd3 Rf7 20. g3 Bc5 21.
Rd2 e5 22. Kg2 b5 23. Re1 Bd6 24. Bxb5 cxb5 25. Rxd5 a6 26. Re4 Rc8 27. a4 Bc5
28. Rd2 bxa4 29. Rxa4 Rf6 30. Re4 Bd6 31. Rd5 Kf7 32. Ra5 Rc6 33. Bg5 Re6 34.
Rd5 Rb6 35. b4 Rc6 36. Bd2 Bc7 37. Be1 Kf6 38. c4 Rcd6 39. Bc3 Rxd5 40. cxd5 Rb6
41. f4 Kf5 42. Kf3 exf4 43. g4+ Kg5 44. Rxe7 1-0

[Event "Rilton Cup 2010-11"]
[Site "Stockholm SWE"]
[Date "2010.12.28"]
[Round "2"]
[White "Berg, Emanuel"]
[Black "Lokander, Martin"]
[Result "1-0"]
[WhiteTitle "GM"]
[WhiteElo "2627"]
[BlackElo "1982"]
[WhiteFideId "1704060"]
[BlackFideId "1709569"]
[EventDate "2010.??.??"]

1. Nf3 c5 2. e4 d6 3. d4 cxd4 4. Nxd4 Nf6 5. Nc3 g6 6. Be3 Bg7 7. f3 O-O 8. Qd2
Nc6 9. Bc4 Bd7 10. O-O-O Rc8 11. Bb3 Nxd4 12. Bxd4 b5 13. Nd5 Nxd5 14. Bxg7 Kxg7
15. exd5 a5 16. a3 Kg8 17. h4 b4 18. axb4 axb4 19. Qd4 Bf5 20. Kd2 Rc5 21. g4 e5
22. Qxb4 Bd7 23. Ra1 Qf6 24. Qe4 Qd8 25. Ra6 Bb5 26. Ra7 f5 27. gxf5 Rxf5 28.
Qe3 Rf4 29. h5 Qg5 30. Kc1 Bd3 31. Kb1 Bf5 32. Ra8+ Kf7 33. Ra7+ Kg8 34. Ra8+
Kf7 35. hxg6+ Bxg6 36. Ra4 Qf6 37. Rxf4 exf4 38. Qf2 Rc7 39. Re1 Bf5 40. Qd2 h5
41. Kc1 Re7 42. Rh1 Bg6 43. Ba4 Rb7 44. Bb3 Rxb3 45. cxb3 Qf5 46. Kd1 Qb1+ 47.
Qc1 Qd3+ 48. Ke1 Qxf3 49. Qc7+ Kg8 50. Qd8+ Kg7 51. Qe7+ Kh6 52. Qf8+ Kh7 53.
Qe7+ Kh6 54. Rg1 Qxd5 55. Qf8+ Kh7 56. Qxf4 Qe6+ 57. Kf2 Qxb3 58. Qd4 Qc2+ 59.
Kg3 Qb3+ 60. Kh2 Qe6 61. b4 d5 62. Rg5 Qe2+ 63. Rg2 Qe7 64. Qf4 d4 65. b5 Qb7
66. Qd6 Be8 67. b6 Qf7 68. Qc7 Bd7 69. b7 Qe7 70. Qg3 1-0

[Event "Rilton Cup 2010-11"]
[Site "Stockholm SWE"]
[Date "2010.12.28"]
[Round "2"]
[White "Karlsson, Lars"]
[Black "Sipila, Vilka"]
[Result "1/2-1/2"]
[WhiteTitle "GM"]
[WhiteElo "2466"]
[BlackElo "2262"]
[WhiteFideId "1700057"]
[BlackFideId "505455"]
[EventDate "2010.12.27"]

1. f4 e5 2. fxe5 d6 3. Nf3 dxe5 4. e4 Nf6 5. Nc3 Bc5 6. Bc4 O-O 7. d3 h6 8. Na4
Bd6 9. Be3 c6 10. Nc3 b5 11. Bb3 Nbd7 12. Qe2 Ng4 13. Bg1 a5 14. a4 b4 15. Nd1
Nc5 16. Bxc5 Bxc5 17. h3 Nf6 18. g4 Bd4 19. Nxd4 exd4 20. Nf2 Nd7 21. h4 g6 22.
e5 Nxe5 23. O-O-O Re8 24. Qd2 Kg7 25. Qf4 Qf6 26. Qxf6+ Kxf6 27. g5+ Kg7 28. Ne4
Be6 29. h5 gxh5 30. gxh6+ Kxh6 31. Bxe6 Rxe6 32. Ng3 Kg5 33. Rdg1 Nf3 34. Ne4+
Kf4 35. Rf1 Kg4 36. Nf2+ Kg3 37. Ne4+ Kg2 38. Ng5 Re1+ 39. Rxe1 Nxe1 40. Rxe1 f6
41. Ne4 f5 42. Re2+ Kh3 43. Nf6 h4 44. Rf2 Rh8 45. Rxf5 Kg2 46. Rxa5 h3 47. Rg5+
Kf3 48. Ng4 Kg3 49. Rg7 Rh4 50. Nh2+ Kxh2 51. a5 1/2-1/2

[Event "Rilton Cup 2010-11"]
[Site "Stockholm SWE"]
[Date "2010.12.28"]
[Round "2"]
[White "Semcesen, Daniel"]
[Black "Hobber, Anders"]
[Result "1-0"]
[WhiteTitle "IM"]
[WhiteElo "2449"]
[BlackElo "2196"]
[WhiteFideId "1706993"]
[BlackFideId "1505424"]
[EventDate "2010.12.27"]

1. Nf3 d5 2. d4 Nf6 3. c4 c6 4. Nc3 e6 5. Bg5 Nbd7 6. e3 Be7 7. Rc1 O-O 8. Bd3
dxc4 9. Bxc4 Nd5 10. Bxe7 Qxe7 11. O-O Nxc3 12. Rxc3 b6 13. Bd3 c5 14. Be4 Rb8
15. Qa4 cxd4 16. exd4 Nf6 17. Bc6 a5 18. Rfc1 Bb7 19. Bxb7 Qxb7 20. Qc6 Qe7 21.
Qc7 Qxc7 22. Rxc7 Nd5 23. R7c4 f6 24. g3 g5 25. a3 Kf7 26. Rc6 Ne7 27. Rc7 Rfc8
28. Kf1 Ke8 29. Ke2 Kd8 30. R7c4 Rxc4 31. Rxc4 Kd7 32. Kd3 Nd5 33. Rc1 h6 34.
Nd2 Ke7 35. Ne4 Kd7 36. Rh1 h5 37. h4 g4 38. Nd2 Ne7 39. Re1 Nf5 40. Ne4 Rf8 41.
Rc1 Ne7 42. Nd2 Nd5 43. Nc4 Rc8 44. Rf1 Ke7 45. Re1 Kd7 46. Nd2 Kd6 47. Ne4+ Kd7
48. Rd1 Ke7 49. Nc3 Kf7 50. Re1 Ne7 51. Ne2 Nd5 52. Rb1 Ke7 53. Nc3 Kf7 54. Rc1
Rc7 55. Rc2 Ne7 56. Rd2 Rd7 57. Kc4 Kg6 58. Kb5 Nc8 59. Kc6 Rd8 60. Kc7 Rf8 1-0

[Event "Rilton Cup 2010-11"]
[Site "Stockholm SWE"]
[Date "2010.12.28"]
[Round "2"]
[White "Markevich, Ilya"]
[Black "Akesson, Ralf"]
[Result "1/2-1/2"]
[BlackTitle "GM"]
[WhiteElo "2175"]
[BlackElo "2434"]
[WhiteFideId "24114839"]
[BlackFideId "1700120"]
[EventDate "2010.12.27"]

1. e4 c6 2. d4 d5 3. exd5 cxd5 4. c4 Nf6 5. Nc3 e6 6. Nf3 Bb4 7. cxd5 Nxd5 8.
Bd2 Nc6 9. Bd3 O-O 10. O-O Nf6 11. Be3 Be7 12. a3 b6 13. Re1 Bb7 14. Bc2 Qc7 15.
Rc1 Rad8 16. Qe2 Ng4 17. Be4 Nxe3 18. fxe3 Rc8 19. d5 Nd8 20. Rcd1 exd5 21. Nxd5
Bxd5 22. Rxd5 Qc4 23. Qxc4 Rxc4 24. Bd3 Rc7 25. Nd4 Bf6 26. e4 Bxd4+ 27. Rxd4
Ne6 28. Rd6 g6 29. b3 Rc3 30. Bc4 Nc5 31. Rc6 Kg7 32. Bd5 Rd3 33. b4 1/2-1/2

[Event "Rilton Cup 2010-11"]
[Site "Stockholm SWE"]
[Date "2010.12.28"]
[Round "2"]
[White "Holmsten, Aleksei"]
[Black "Jansson, Anders O."]
[Result "1-0"]
[WhiteTitle "IM"]
[WhiteElo "2381"]
[BlackElo "2171"]
[WhiteFideId "500933"]
[BlackFideId "1703277"]
[EventDate "2010.12.27"]

1. Nf3 d6 2. d4 g6 3. g3 Bg7 4. Bg2 Nf6 5. O-O O-O 6. c4 Nbd7 7. Nc3 e5 8. h3 c6
9. dxe5 Nxe5 10. Nxe5 dxe5 11. Be3 Be6 12. Qa4 Qe7 13. Rfd1 Nd7 14. Ne4 Nb6 15.
Qc2 Rfd8 16. Bc5 Qc7 17. Bd6 Qc8 18. c5 Nd5 19. Ng5 Re8 20. Nxe6 Qxe6 21. Qb3 e4
22. Qxb7 Rec8 23. Rac1 a5 24. Qb3 f5 25. e3 a4 26. Qa3 Ra7 27. Bf1 Rca8 28. Bc4
Kh8 29. Rd2 Rb7 30. b4 g5 31. Rcd1 Qh6 32. Rxd5 cxd5 33. Bxd5 Raa7 34. Bxb7 Rxb7
35. Qxa4 f4 36. Qa8+ 1-0

[Event "Rilton Cup 2010-11"]
[Site "Stockholm SWE"]
[Date "2010.12.28"]
[Round "2"]
[White "Cramling, Pia"]
[Black "Frisk, Ellinor"]
[Result "1-0"]
[WhiteTitle "GM"]
[BlackTitle "WFM"]
[WhiteElo "2526"]
[BlackElo "2126"]
[WhiteFideId "1700030"]
[BlackFideId "1708481"]
[EventDate "2010.12.27"]

1. d4 d5 2. Bf4 Nf6 3. e3 c5 4. dxc5 Qa5+ 5. Nc3 Qxc5 6. Nb5 Na6 7. c3 Bd7 8. a4
e6 9. Nf3 Be7 10. Be5 Qc8 11. Qd4 Bxb5 12. Bxb5+ Kf8 13. Bxa6 bxa6 14. O-O Bc5
15. Qf4 Nd7 16. c4 dxc4 17. Rac1 f6 18. Rxc4 Qb7 19. Bd6+ Bxd6 20. Qxd6+ Kf7 21.
Rc7 Qxb2 22. Qxd7+ 1-0

[Event "Rilton Cup 2010-11"]
[Site "Stockholm SWE"]
[Date "2010.12.28"]
[Round "2"]
[White "Pettersson, Anders"]
[Black "Brynell, Stellan"]
[Result "0-1"]
[BlackTitle "GM"]
[WhiteElo "2127"]
[BlackElo "2492"]
[WhiteFideId "1709771"]
[BlackFideId "1700219"]
[EventDate "2010.12.27"]

1. d4 e6 2. c4 Nf6 3. Nf3 b6 4. Nc3 Bb7 5. Bg5 h6 6. Bh4 Be7 7. Qc2 c5 8. e4
cxd4 9. Nxd4 d6 10. Be2 Nbd7 11. O-O a6 12. f3 O-O 13. Bf2 Qc7 14. Rac1 Rac8 15.
a3 Qb8 16. b4 Rfe8 17. Qd2 Bd8 18. Be3 Kh7 19. Qc2 Kh8 20. Qd2 Bc7 21. Kh1 Rcd8
22. Rcd1 Nf8 23. Bd3 Ng6 24. Bxh6 gxh6 25. Qxh6+ Nh7 26. f4 Rg8 27. f5 Ne5 28.
fxe6 Rg6 29. Qh5 fxe6 30. Nf3 Rg7 31. Nd4 Qc8 32. Qh3 Re8 33. Be2 Kg8 34. Rf2
Ng5 35. Qh4 Bd8 36. Nd5 exd5 37. exd5 Qd7 38. Rdf1 Ngf3 39. Qe4 Rg4 40. Bxf3
Rxe4 41. Bxe4 Bc8 42. Ne6 Qe7 0-1

[Event "Rilton Cup 2010-11"]
[Site "Stockholm SWE"]
[Date "2010.12.28"]
[Round "2"]
[White "Hedstrom, Johan"]
[Black "Bazeev, German"]
[Result "1-0"]
[WhiteElo "2043"]
[BlackElo "2334"]
[WhiteFideId "1714813"]
[BlackFideId "24119350"]
[EventDate "2010.12.27"]

1. e4 c5 2. Nf3 d6 3. d4 cxd4 4. Nxd4 Nf6 5. Nc3 Nc6 6. Be3 e6 7. f4 Be7 8. Qf3
Bd7 9. Bd3 Qc7 10. Nb3 h5 11. g3 Rc8 12. h3 Qb8 13. O-O-O Nb4 14. g4 d5 15. e5
Ne4 16. Bxe4 dxe4 17. Qf2 b6 18. Kb1 a5 19. a3 Rxc3 20. bxc3 Nd5 21. Kb2 Qc7 22.
Bd4 Qc4 23. Qf1 Qa4 24. Ra1 Bb5 25. Qe1 Bc4 26. f5 Qc6 27. a4 Kd7 28. Qxe4 Rb8
29. f6 gxf6 30. exf6 Bf8 31. Be5 Rb7 32. g5 Kc8 33. Rhd1 b5 34. Nxa5 Qb6 35.
Nxb7 bxa4+ 36. Kc1 Kxb7 37. Rb1 Ba3+ 38. Kd2 Bb5 39. Bd4 Qc6 40. g6 fxg6 41.
Rxb5+ Qxb5 42. Qxe6 Nc7 43. Qe5 Qc6 44. Rb1+ Kc8 45. Qg3 Bd6 46. Qf2 a3 47. f7
Bf8 48. Qf6 Qg2+ 49. Kd3 Qxh3+ 50. Kc4 Qd7 51. Kb3 a2 52. Ra1 Qb5+ 53. Kxa2 Kd7
54. Qb6 Qxb6 55. Bxb6 Nd5 56. Bd4 Ke6 57. Rf1 g5 58. c4 Nf4 59. Be3 Nh3 60. c5
g4 61. c6 g3 62. Rh1 Nf2 63. Bxf2 gxf2 64. Rf1 Kd6 65. Rxf2 Kxc6 66. Re2 1-0

[Event "Rilton Cup 2010-11"]
[Site "Stockholm SWE"]
[Date "2010.12.28"]
[Round "2"]
[White "Astrup, Kim"]
[Black "Wiander, Michael"]
[Result "1-0"]
[WhiteElo "2274"]
[BlackElo "2158"]
[WhiteFideId "1501950"]
[BlackFideId "1702580"]
[EventDate "2010.12.27"]

1. c4 c5 2. g3 Nc6 3. Bg2 g6 4. Nc3 Bg7 5. Nf3 e5 6. O-O Nge7 7. Ne1 O-O 8. a3
d6 9. Nc2 a5 10. Rb1 Be6 11. Ne3 f5 12. Ned5 Rb8 13. d3 h6 14. Bd2 Qd7 15. b4
axb4 16. axb4 cxb4 17. Nxb4 Nxb4 18. Rxb4 d5 19. cxd5 Nxd5 20. Nxd5 Bxd5 21.
Bxd5+ Qxd5 22. Qb3 Qxb3 23. Rxb3 b5 24. Rfb1 Rfc8 25. Be3 Rc2 26. Kf1 Rf8 27.
Rxb5 f4 28. Bc5 Rf7 29. f3 h5 30. Bd6 fxg3 31. hxg3 Rf5 32. Rb8+ Kh7 33. R1b7
Kh6 34. Rg8 Rc6 35. Bb4 Bf6 36. Bd2+ Bg5 37. Rh8# 1-0

[Event "Rilton Cup 2010-11"]
[Site "Stockholm SWE"]
[Date "2010.12.28"]
[Round "2"]
[White "Cederstam-Barsk, Carl"]
[Black "Thompson, Ian D"]
[Result "1/2-1/2"]
[BlackTitle "FM"]
[WhiteElo "2020"]
[BlackElo "2264"]
[WhiteFideId "1713329"]
[BlackFideId "405205"]
[EventDate "2010.12.27"]

1. e4 e6 2. d4 d5 3. Nd2 Nf6 4. e5 Nfd7 5. Bd3 c5 6. c3 Nc6 7. Ne2 cxd4 8. cxd4
f6 9. exf6 Nxf6 10. Nf3 Bd6 11. O-O O-O 12. Bg5 Qc7 13. Rc1 Ng4 14. Ng3 g6 15.
Bb1 Qg7 16. h3 Nh6 17. Qd2 Nf7 18. Be3 Bd7 19. Ne2 Rae8 20. Nf4 Bb4 21. Qd1 Bd6
22. Nd3 g5 23. Qd2 h6 24. b4 a6 25. a3 Bb8 26. Nc5 Bc8 27. Nxa6 bxa6 28. Rxc6
Bd7 29. Rcc1 Bb5 30. Bd3 Nd6 31. a4 Bxa4 32. Bxa6 Ne4 33. Qa2 Qd7 34. Be2 Rc8
35. Qb2 Bb5 36. Bxb5 Qxb5 37. Nd2 Nxd2 38. Bxd2 Rc4 39. Rxc4 dxc4 40. Qc2 Kg7
41. Qe4 Qd5 42. Re1 Qxe4 43. Rxe4 Kf7 44. f4 Bd6 45. fxg5 hxg5 46. Re1 Rb8 47.
Rb1 e5 48. dxe5 Bxe5 49. Bxg5 Bd4+ 50. Kf1 Rb5 51. Bf4 Ke6 52. Ke2 Kd5 53. Be3
Ke4 54. Bxd4 Kxd4 55. Kd2 Rf5 56. Ke2 Re5+ 57. Kf3 c3 58. Kf4 Re2 59. g3 1/2-1/2